Central Library OPAC University of Rajshahi

Accounting for management control: (Record no. 16172)

MARC details
000 -LEADER
fixed length control field 00809cam a2200277 4500
001 - CONTROL NUMBER
control field 16172
003 - CONTROL NUMBER IDENTIFIER
rucl marc code BD-RjUL
005 - DATE AND TIME OF LATEST TRANSACTION
control field 20211208235952.0
008 - FIXED-LENGTH DATA ELEMENTS--GENERAL INFORMATION
fixed length control field 140211s1974 njua b 001 0 eng
020 ## - INTERNATIONAL STANDARD BOOK NUMBER
International Standard Book Number 0130010812
035 ## - SYSTEM CONTROL NUMBER
System control number (BD-RjUL)16227
040 ## - CATALOGING SOURCE
Original cataloging agency DLC
Transcribing agency DLC
Modifying agency DLC
Language of cataloging eng
041 ## - LANGUAGE CODE
Language code of text/sound track or separate title eng
082 00 - DEWEY DECIMAL CLASSIFICATION NUMBER
Classification number 658.15
Author mark and year HOA 1974
100 1# - MAIN ENTRY--PERSONAL NAME
Personal name Horngren, Charles T.,
Dates associated with a name 1926-
9 (RLIN) 50051
245 10 - TITLE STATEMENT
Title Accounting for management control:
Remainder of title an introduction /
Statement of responsibility, etc. [by] Charles T. Horngren.
250 ## - EDITION STATEMENT
Edition statement 3d ed.
260 ## - PUBLICATION, DISTRIBUTION, ETC. (IMPRINT)
Place of publication, distribution, etc. Englewood Cliffs, N.J. :
Name of publisher, distributor, etc. Prentice-Hall,
Date of publication, distribution, etc. 1974
300 ## - PHYSICAL DESCRIPTION
Pagination xix, 619 p. :
Illustrations illus. ;
Size 24 cm.
504 ## - BIBLIOGRAPHY, ETC. NOTE
Bibliography, etc Includes index
650 #0 - SUBJECT ADDED ENTRY--TOPICAL TERM
Topical term or geographic name as entry element Managerial accounting.
9 (RLIN) 50052
Topical term or geographic name as entry element Cost accounting.
9 (RLIN) 50053
942 ## - ADDED ENTRY ELEMENTS (KOHA)
Source of classification or shelving scheme Dewey Decimal Classification
Koha item type Books
Holdings
Lost status Source of classification or shelving scheme Damaged status Not for loan Collection code Permanent Location Current Location Shelving location Date acquired Source of acquisition Cost, normal purchase price Total Checkouts Full call number Date last seen Copy number Koha item type
  Dewey Decimal Classification     Non-fiction Central Library, University of Rajshahi Central Library, University of Rajshahi   08/04/1976 prantice hall 39.00   658.15 HOA 1974 11/02/2014 C-13 Books
  Dewey Decimal Classification     Non-fiction Central Library, University of Rajshahi Central Library, University of Rajshahi   08/04/1976 Prentice-Hall of India 39.00   658.15 HOA 1974 02/09/2019 C-2 Books
  Dewey Decimal Classification     Non-fiction Central Library, University of Rajshahi Central Library, University of Rajshahi   08/04/1976 Prentice-Hall of India 39.00   658.15 HOA 1975 02/09/2019 C-3 Books
  Dewey Decimal Classification     Non-fiction Central Library, University of Rajshahi Central Library, University of Rajshahi   08/04/1976 Prentice-Hall of India 39.00   658.15 HOA 1975 02/09/2019 C-4 Books
  Dewey Decimal Classification     Non-fiction Central Library, University of Rajshahi Central Library, University of Rajshahi   08/04/1976 Prentice-Hall of India 39.00   658.15 HOA 1975 02/09/2019 C-5 Books
  Dewey Decimal Classification     Non-fiction Central Library, University of Rajshahi Central Library, University of Rajshahi   08/04/1976 Prentice-Hall of India 39.00   658.15 HOA 1975 02/09/2019 C-6 Books
  Dewey Decimal Classification     Non-fiction Central Library, University of Rajshahi Central Library, University of Rajshahi   08/04/1976 Prentice-Hall of India 39.00   658.15 HOA 1975 02/09/2019 C-7 Books
  Dewey Decimal Classification     Non-fiction Central Library, University of Rajshahi Central Library, University of Rajshahi   08/04/1976 Prentice-Hall of India 39.00   658.15 HOA 1975 02/09/2019 C-8 Books
  Dewey Decimal Classification     Non-fiction Central Library, University of Rajshahi Central Library, University of Rajshahi   08/04/1976 Prentice-Hall of India 39.00   658.15 HOA 1975 02/09/2019 C-9 Books
  Dewey Decimal Classification   Not For Loan Non-fiction Central Library, University of Rajshahi Central Library, University of Rajshahi Reading Room 01/03/1976 Aligar Library, Rajshahi 97.50   658.15 HOA 1975 02/09/2019 C-1 Books
  Dewey Decimal Classification     Non-fiction Central Library, University of Rajshahi Central Library, University of Rajshahi   01/03/1976 Aligarth Library , Rajshahi 97.50   658.15 HOA 1974 11/11/2019 C-10 Books